000 00928nam0a2200289 4500
001 RU\NLR\BIBL_A\012287866
005 20250624010543.0
010 _910000
035 _a(NLR Aleph) 012287866
090 _a13300482
_c13300482
100 _a20200708d1974 |||y0rusy50 ca
101 0 _achv
102 _aRU
105 _ay z 000 y
181 0 _ai
_baxxe
182 0 _an
200 1 _aХӗрсем пурсӑн тӗртеҫҫӗ
_eроман
_fВладимир Ухли
203 _aТекст
_bвизуальный
_cнепосредственный
210 _aШупашкар
_cЧӑваш кӗнеке изд-ви
_d1974
215 _a319,[1] с.
_d21
541 1 _aТкут девушки шелка
_eроман
_zrus
686 1 _aШ6(2=Чув.)7-4
700 1 _aУхли
_f1914-1990
_gВладимир Васильевич
_4070
852 _aNLR
_bОНЛ
_jЧув./3-2834
942 _cBOOK
980 _aNB